[Event "Pontevedra op-B 6th"]
[Site "Pontevedra"]
[Date "2018.08.12"]
[Round "6"]
[White "Ramiro Lozano, Jose Manuel"]
[Black "Vazquez Alvarez, Diego"]
[Result "1-0"]
[WhiteElo "1860"]
[BlackElo "1837"]
[PlyCount "143"]
[EventDate "2018.08.08"]
[EventType "swiss"]
[EventRounds "9"]
[EventCountry "ESP"]
[SourceTitle "CBM 186 Extra"]
[Source "ChessBase"]
[SourceDate "2018.08.24"]
[SourceVersion "1"]
[SourceVersionDate "2018.08.24"]
[SourceQuality "1"]

1. Nf3 d5 2. c4 c6 3. b3 Nf6 4. Bb2 Bf5 5. g3 e6 6. Bg2 Be7 7. 0-0 0-0 8. d3 Nbd7 9. Nbd2 Qc7 10. Rc1 Rfd8 11. a3 a5 12. Rc2 Qb6 13. Qa1 Bc5 14. h3 Bg6 15. Bc3 Nh5 16. Bd4 Nhf6 17. Bxc5 Nxc5 18. Qd4 Nfd7 19. cxd5 exd5 20. Nh4 Ne6 21. Qxb6 Nxb6 22. Nxg6 hxg6 23. Nf3 Nd7 24. d4 Nf6 25. e3 Kf8 26. Ne5 Nd7 27. Nd3 Ke7 28. Rc3 Nc7 29. Ra1 Nb5 30. Rc2 Nd6 31. Nb2 Nb6 32. a4 Nd7 33. Rac1 Nf6 34. Nd3 Nd7 35. h4 Ra6 36. Bh3 Nf5 37. Kg2 Raa8 38. Kf3 Rh8 39. Kf4 Kf6 40. Bg4 Rae8 41. Kf3 g5 42. h5 g6 43. Rh1 Rh6 44. Nc5 Nxc5 45. Rxc5 Ra8 46. Bxf5 gxf5 47. g4 fxg4+ 48. Kxg4 Ra6 49. Rh3 Rb6 50. Rf3+ Kg7 51. Kxg5 Rxb3 52. Rxa5 Rb1 53. Rxf7+ Kxf7 54. Kxh6 Kf6 55. Ra8 Rg1 56. a5 Ke6 57. Rb8 Ra1 58. Rxb7 Rxa5 59. Rg7 Ra2 60. Rg6+ Kf5 61. Rg7 Ke6 62. Rg2 Kf6 63. Rg6+ Kf5 64. Rxc6 Rxf2 65. Rd6 Ke4 66. Re6+ Kd3 67. Re5 Kc4 68. Kg6 Rg2+ 69. Rg5 Re2 70. Rg3 Kd3 71. h6 Ke4 72. h7 1-0